000 02663nam0a22003011 4500
001 v19\rc\1421055
005 20260406072410.0
035 _a(NLR Aleph) 005223969
090 _a5534635
_c5534635
100 _a20060512g18831886|||y0rusy50 ca
101 0 _arus
102 _aRU
105 _ay z |||||
200 1 _aСочинения Глеба Успенского
_eТ. 1-8
210 _aСанкт-Петербург
_cФ. Павленков
_d1883-1886
215 _a8 т.
_d22
300 _aНа обл. т. 3: № 131
316 _aЭкз. РНБ (18.168.7.12(1-8)): деф.: В т. 6 стр. 353-368 отсутствуют
_5NLR: 18.168.7.12(1-8)
327 1 _aСодерж.: Т. 1. 1. Нравы Растеряевской улицы. 2. Растеряевские типы и сцены. 3. Столичная беднота. Т. 2. Разоренье. Т. 3. Новые времена, новые заботы. Т. 4. Сборник очерков и рассказов: (За разные годы). Т. 5. 1. Из деревенского дневника. 2. Непорванные связи; Овца без стада. Т. 6. 1. Малые ребята. 2. Очерки, рассказы, письма. 3. Бог грехам терпит. 4. Волей-не волей. Т. 7. 1. Крестьянин и крестьянский труд. 2. Власть земли. 3. Без своей воли. 4.
464 0 _12001#$aНравы Растеряевской улицы$aРастеряевские типы и сцены$aСтоличная беднота$aРазоренье$aНовые времена, новые заботы$aСборник очерков и рассказов$e(За разные годы)$aИз деревенского дневника$aНепорванные связи$aОвца без стада$aМалые ребята$aОчерки, рассказы, письма$aБог грехам терпит$aВолей-не волей$aКрестьянин и крестьянский труд$aВласть земли$aБез своей воли$aИз разговоров с приятелями$aНе случись$aПришло на память$aСкучающая публика$aЧерез пень колоду$aОчерки
_tОчерки
700 1 _8rus
_7ca
_aУспенский
_bГ. И.
_cписатель
_f1843-1902
_gГлеб Иванович
_3RU\NLR\AUTH\7729988
_913015
801 2 _aRU
_bNLR
_c20080118
_2rusmarc
801 0 _aRU
_bNLR
_c20060512
_gpsbo
801 0 _aRU
_bRuMoRGB
_c20060512
_2psbo
801 1 _aRU
_bProSoft-M
_c20060512
_2rusmarc
852 _aNLR
_j18.168.7.12(1-8)
942 _cBOOK
980 _aNB